| 000 | 00620nam a2200217Ia 4500 | ||
|---|---|---|---|
| 005 | 20241129110117.0 | ||
| 008 | 241129s9999||||xx |||||||||||||| ||und|| | ||
| 020 | _a978-0-8153-9777-2 | ||
| 037 | _aREF | ||
| 040 |
_aARTS _beng _cARTS |
||
| 041 |
_aeng _2eng |
||
| 084 |
_aQ7:(Y15)g R1(RR) _qARTS |
||
| 100 |
_aHowe Justine Ed. _9458365 |
||
| 245 | 0 |
_aRoutledge handbook of Islam and gender _cHowe Justine Ed. |
|
| 260 |
_aUK _bRoutledge _c2017 |
||
| 300 | _axiii,487p. | ||
| 365 |
_aUKP _b200 |
||
| 650 |
_aIslamSociologyWomen _9727240 |
||
| 942 |
_cREF _hQ7:(Y15)g R1(RR) |
||
| 999 |
_c1227344 _d1227344 |
||